| 000 | 00869nam a22002057a 4500 | ||
|---|---|---|---|
| 999 |
_c15445 _d15445 |
||
| 003 | AR-CdUCM | ||
| 008 | 190427b ||||| |||| 00| 0 spa d | ||
| 040 |
_aMUNICIPALIDAD PROVINCIAL DEL CUSCO _cBIBLIOTECA MUNICIPAL DEL CUSCO |
||
| 082 |
_a327.098 / _bP45 / 1919 |
||
| 110 |
_aMinisterio de Relaciones Exteriores _93262 |
||
| 245 | _aCirculares diplomáticas / | ||
| 260 |
_aLima : _bImpr. Americana, _c1919. |
||
| 300 |
_a123 páginas ; _c21 cm. |
||
| 505 | _aContenido: Circulación telegráfica del ministerio de relaciones exteriores del Perú a las legaciones peruanas en el extranjero -- Circulación del ministerio de relaciones exteriores de Chile a las legaciones chilenas en el extranjero ... | ||
| 650 |
_aRelaciones exteriores _94428 |
||
| 650 |
_aPolítica y gobierno _92693 |
||
| 650 |
_aPerú _935 |
||
| 942 |
_2ddc _cLIBROS |
||
| 945 |
_aacv _d2019-04-27 |
||